00249nam a2200109Ia 4500008004100000100001400041245002800055260001700083650001500100942000700115999001700122190216s9999||||xx |||||||||||||| ||und|| aVerma P S 0aFundamentals Of Zoology bS Chand & Co aReferences cBK c37407d37407